000 00809nas a2200277 4500
001 BR0100400
003 BR-BrBNA
005 20231205102018.0
007 ta
008 230509b bl.|||p| |||| 00| 00por d
040 _aBR-BrBNA
_bpor
_cBiblioteca Nacional de Agricultura
041 _a(Pt)
072 _aF02
100 1 _aFior, C.S.
100 1 _aRodrigues, L.R.
100 1 _aKampf, A.N.
245 1 _aPropagacao in vitro de Limonium latifolium Kuntze (Plumbaginaceae)
650 _aFlor para Corte
650 _aCultura de Tecido
650 _aPropagacao Vegetativa
650 _aMuda
650 _aRio Grande do Sul
773 0 _tCiencia Rural (Brazil)
_xISSN 0103-8478
_g(Jul-Aug 2000), v. 30(4) p. 575-580
_wBR0100400
909 _a202311
_bLúcia
_c55
_dLúcia Elande
942 _2AGRIS
_n0
_cANA
999 _c165250
_d165250